Quelle ville de Savoie ? - Statistiques

Statistiques générales
  • Ce quiz a été pris 38 fois
  • Le résultat moyen est 9 sur 20
Statistiques - réponses
Quelle ville savoyarde Lettre Ville % Correct
est la préfecture du département C Chambéry
100%
est une des sous-préfectures et a accueilli les Jeux Olympiques d'hiver en 1992 ? A Albertville
97%
est connue pour son thermalisme ? A Aix-les-Bains
78%
est l'autre sous-préfecture ? J (Saint) Saint Jean de Maurienne
73%
porte le nom du mobilier où l'on mange ? T (La) La Table
65%
porte le même nom qu'un célèbre fromage du département ? B Beaufort
59%
porte le même nom qu'un pays d'Amérique du Sud ? A Argentine
57%
possède une lettre (doublée) de différence avec la préfecture de la Charente-Maritime ? R (La) La Rochette
51%
est un homophone de "bassin" ? B Bassens
41%
porte le même nom qu'un dessert qui peut être en gourde ou en pot ? C (La) La Compôte
41%
porte le nom d'une grande étendue où les précipitations sont très rares D (Les) Les Déserts
41%
est une station de ski fondée par l'écossais Peter Lindsay ? M Méribel
35%
peut être "vieux" ou "jeune" ? A Aillon
30%
est située à l'entrée de la vallée de la Maurienne ? A Aiguebelle
27%
possède une lettre de différence avec l'élément "mercure" ? M Mercury
27%
est la seule ville de Savoie à commencer par un Y ? Y Yenne
27%
abrite un des sites de l'Université Savoie Mont-Blanc J Jacob-Bellecombette
24%
a une lettre de différence avec la préfecture de la Moselle ? M Motz
19%
est un homophone d'un quartier et d'une gare de Londres ? P (Saint) Saint Pancrace
19%
est une ville dont le tourisme a augmenté grâce à la construction d'une gare pour relier une station de ski à proximité ? A Aime
16%
Aucun quiz correspondant
Distribution des résultats
% des personnes avec chaque résultat
Percentile par nombre de réponses
Votre historique - résultats
Vous n’avez pas pris ce quiz